000 01163nam0a22003131 4500
001 RU\NLR\A1SV\83685
005 20251203171251.9
035 _a(NLR Aleph) 009765099
090 _a10034158
_c10034158
100 _a20071219d1925 u y0rusy50 ca
101 0 _arus
102 _aRU
200 1 _aНа очереди
_eВопр. политпросветработы в деревне
_e[Сб.]
210 _aМ.
_cДолой неграмотность
_d1925
215 _a55 с.
_d17 см
327 0 _aАвт.: Зиновьев, Сталин, Крупская
620 _dМосква
702 1 _aЗиновьев
_bГ. Е.
_cпартийный и государственный деятель
_f1883-1936
_gГригорий Евсеевич
_3RU\NLR\AUTH\770141336
702 1 _aСталин
_bИ. В.
_f1879-1953
_gИосиф Виссарионович
702 1 _aКрупская
_bН. К.
_f1869-1939
_gНадежда Константиновна
801 0 _aRU
_bNLR
_c20071219
852 _aNLR
_j35.65.6.22
852 _aNLR
_j35.65.6.22а
899 _aРГБ
899 _aНБ ТГУ
942 _cBOOK
980 _aNB
980 _aA1SV